Tópicos en transferencia de calor y propiedades termofísicas en refrigeración y congelación de alimentos

Saved in:
Bibliographic Details
Main Author: Kasahara Garrido, Ismael (autor)
Corporate Author: Universidad Católica de Valparaíso. Escuela de Alimentos (Author)
Format: Book
Language:Spanish
Published: Valparaíso Universidad Católica de Valparaíso, Escuela de Alimentos 1986
Subjects:
Tags: Add Tag
No Tags, Be the first to tag this record!

MARC

LEADER 00000nam a2200000 a 4500
001 UCW2035
003 CL-VaPUC
005 20240522152256.0
008 900820e19860000CL |||||||||||||||||spa|d
999 |c 216696  |d 216694 
040 |c Pontificia Universidad Católica de Valparaíso 
082 0 4 |a 641.452  |b KAS  |2 21 
100 |a Kasahara Garrido, Ismael  |e autor  |9 406210 
110 1 |a Universidad Católica de Valparaíso. Escuela de Alimentos  |e author  |9 306004 
245 1 0 |a Tópicos en transferencia de calor y propiedades termofísicas en refrigeración y congelación de alimentos 
260 |a Valparaíso  |b Universidad Católica de Valparaíso, Escuela de Alimentos  |c 1986 
300 |a 132 p 
583 |a last modification  |c 19900820 00:00:00  |k Rodrigo Vera 
650 7 |a REFRIGERACION DE ALIMENTOS  |2 CL-VaPUC  |9 259516 
650 0 |a Alimentos congelados  |9 259336 
942 |c BK  |2 ddc 
945 |d 19900820 00:00:00 
952 |0 0  |1 0  |4 0  |6 641_452000000000000_KAS_1986  |7 0  |8 A  |9 202685  |a BIBMEC  |b BIBMEC  |d 2019-11-14  |i 270028K  |o 641.452 KAS 1986  |p 270028K  |r 2024-01-19  |w 2019-11-14  |y BK  |k MEC 
952 |0 0  |1 0  |4 0  |6 641_452000000000000_KAS_1986  |7 0  |8 A  |9 202687  |a BIBALI  |b BIBALI  |c RES  |d 2019-11-14  |i 1963481  |o 641.452 KAS 1986  |p 1963481  |r 2025-01-20  |w 2019-11-14  |y BK_R  |k ALI 
952 |0 0  |1 0  |4 0  |6 641_452000000000000_KAS_1986  |7 0  |8 A  |9 202688  |a BIBALI  |b BIBALI  |c RES  |d 2019-11-14  |i 196349K  |o 641.452 KAS 1986  |p 196349K  |r 2025-01-20  |w 2019-11-14  |y BK_R  |k ALI 
952 |0 0  |1 0  |4 0  |6 641_452000000000000_KAS_1986  |7 0  |8 A  |9 202689  |a BIBALI  |b BIBALI  |c RES  |d 2019-11-14  |i 1963503  |o 641.452 KAS 1986  |p 1963503  |r 2025-01-20  |w 2019-11-14  |y BK_R  |k ALI